| 000 | 00557nam a2200193Ia 4500 | ||
|---|---|---|---|
| 999 |
_c23277 _d23277 |
||
| 003 | OSt | ||
| 005 | 20200214105138.0 | ||
| 008 | 190216s9999||||xx |||||||||||||| ||und|| | ||
| 020 | _a9788182717459 | ||
| 040 | _coclc | ||
| 082 |
_a297 _bKEE/E |
||
| 100 |
_aKeezhuparambu, Ashraf _91978 |
||
| 245 | 0 |
_aEnthukondu I S Islamikamalla / _cAshraf Keezhuparambu |
|
| 250 | _a1st ed. | ||
| 260 |
_bIslamic Publishing House, _c2015. _aKozhikode: |
||
| 300 | _a94p | ||
| 650 | _aIslamic History | ||
| 942 |
_cBK _2ddc _h297 _iKEE/E _k297 _mKEE/E |
||